Sanat - "Sinisiä punaisia ruusunkukkia" - Statistics

Yleistilastot
  • Tätä visaa on pelattu 14 kertaa
    13 viimeisimmän päivityksen jälkeen
  • Keskiarvotulos 113 / 172
Vastaustilastot
Vastaus % Oikein
kannan
100%
punasia
100%
ruusunkukkia
100%
Sinisiä
100%
sinisiä
100%
ja
83%
kädessäni
83%
minä
83%
annan
67%
Eikä
67%
eikä
67%
Enkä
67%
enkä
67%
hyvästejä
67%
jättäissäni
67%
kahtahalle
67%
kampaa
67%
kylälle
67%
kylän
67%
meinaa
67%
miniäksi
67%
Niitä
67%
niitä
67%
ole
67%
On
67%
on
67%
peilaa
67%
pojille
67%
se
67%
sinne
67%
sinun
67%
täällä
67%
takiasi
67%
tälle
67%
tämän
67%
tänne
67%
Tie
67%
tie
67%
vie
67%
halpa
50%
kuin
50%
liian
50%
mahtavalle
50%
minullakin
50%
näytetä
50%
olla
50%
päällä
50%
pojalle
50%
sitä
50%
Taidanpa
50%
taidanpa
50%
vihkipallin
50%
heila
33%
vaikkei
33%
Ehtoja vastaavia visoja ei löytynyt
Tulosjakauma
Jokaisen tuloksen saaneiden osuus
Persentiili vastausten määrän mukaan
Tuloshistoriasi
Et ole pelannut tätä visaa sen viimeisimmän päivityksen jälkeen